|
|
|
|
| LEADER |
00610cam a2200205ua 4500 |
| 008 |
060815t1997||||||||||| 00 ||eng c |
| 020 |
|
|
|a 81-7488-168-9
|
| 041 |
0 |
|
|a eng
|
| 082 |
|
|
|a 294.503
|b ENC.10
|
| 245 |
0 |
0 |
|a Encyclopaedia of Hinduism /
|
| 250 |
|
|
|a 1st ed.
|
| 260 |
|
|
|a New Delhi:
|b Anmol,
|c 1997.
|
| 300 |
|
|
|a 2711-3003p..
|
| 362 |
1 |
|
|a 1997.
|
| 365 |
|
|
|a Rs.15000/- (for the
|e hb
|
| 650 |
0 |
|
|a Hinduism-Encyclopaedias
|
| 700 |
0 |
2 |
|a Nagendra Kr. Singh,
|
| 942 |
|
|
|c REF
|
| 999 |
|
|
|c 6827
|d 6827
|
| 952 |
|
|
|0 0
|1 0
|4 0
|6 294_503000000000000_ENC_10
|7 0
|9 7165
|a KUCL
|d 2014-05-23
|l 0
|o 294.503 ENC.10
|p 00041
|r 2017-03-10
|y REF
|